000
00279nam a22001337a 4500
008
181101b xxu||||| |||| 00| 0 eng d
020
_a
0070036721
041
_a
eng
080
_a
616.5
100
_a
7
101
_a
DER
245
_a
Skin Secrets
_c
Bark,J.P
942
_2
udc
_c
BK
999
_c
51523
_d
51523